[Event "Wch FIDE Online U10 Girls Asia qual"]
[Site "Tornelo INT"]
[Date "2020.12.12"]
[Round "5"]
[White "Sayegh, Mariam"]
[Black "Alwis, Jenuki"]
[Result "0-1"]
[WhiteElo "1081"]
[BlackElo "1051"]
[PlyCount "42"]
[EventDate "2020.12.11"]
[EventType "swiss (rapid)"]
[EventRounds "7"]
[EventCountry "ISS"]
[SourceTitle "EXT 2022"]
[Source "ChessBase"]
[SourceDate "2021.10.06"]
[SourceVersion "1"]
[SourceVersionDate "2021.10.06"]
[SourceQuality "1"]

1. d4 g6 2. Bf4 Bg7 3. e3 d6 4. c3 Nd7 5. Nd2 b6 6. Ngf3 Bb7 7. g3 e5 8. dxe5 dxe5 9. Bg5 f6 10. h4 fxg5 11. Nxg5 Bxh1 12. Qb3 Qe7 13. f3 h6 14. Ne6 Nc5 15. Qd5 Rc8 16. Qc6+ Kf7 17. Nxc5 bxc5 18. Bc4+ Kf8 19. Qxg6 Qf6 20. Qe4 Ne7 21. Qd3 Bxf3 0-1

[Event "Wch FIDE Online U10 Girls Asia qual"]
[Site "Tornelo INT"]
[Date "2020.12.11"]
[Round "2"]
[White "Alwis, Jenuki"]
[Black "Layan, Mansour Qassabi"]
[Result "1-0"]
[WhiteElo "1051"]
[BlackElo "1167"]
[PlyCount "103"]
[EventDate "2020.12.11"]
[EventType "swiss (rapid)"]
[EventRounds "7"]
[EventCountry "ISS"]
[SourceTitle "EXT 2022"]
[Source "ChessBase"]
[SourceDate "2021.10.06"]
[SourceVersion "1"]
[SourceVersionDate "2021.10.06"]
[SourceQuality "1"]

1. d4 Nf6 2. Nf3 g6 3. e3 Bg7 4. c4 0-0 5. Nc3 d6 6. Bd3 Nbd7 7. 0-0 Qe8 8. Qc2 e5 9. dxe5 dxe5 10. e4 Nc5 11. Be3 Qc6 12. Nxe5 Qd6 13. Bxc5 Qxc5 14. Nf3 Bg4 15. Be2 Bxf3 16. Bxf3 Qxc4 17. Rad1 Rfe8 18. Rfe1 b5 19. e5 Nh5 20. Bxa8 Rxa8 21. Qe4 Qxe4 22. Rxe4 Re8 23. Nxb5 Bxe5 24. Rde1 f6 25. f4 Nxf4 26. Rxf4 Bxf4 27. Rxe8+ Kf7 28. Ra8 a6 29. Rxa6 Be3+ 30. Kf1 Bf4 31. Nxc7 Bxc7 32. Ra7 Ke6 33. Rxc7 h5 34. a4 Kd6 35. Rg7 g5 36. Rh7 h4 37. Rh6 Ke7 38. g3 hxg3 39. hxg3 f5 40. Rh5 Kf6 41. a5 Ke6 42. Rxg5 Kd6 43. Rxf5 Kc6 44. Rf6+ Kb5 45. a6 Ka5 46. a7 Kb4 47. Ke2 Kb3 48. a8Q Kxb2 49. Rb6+ Kc3 50. Qc8+ Kd4 51. Rd6+ Ke5 52. Qe6# 1-0

[Event "Wch FIDE Online U10 Girls Asia qual"]
[Site "Tornelo INT"]
[Date "2020.12.11"]
[Round "1"]
[White "Kaliakhmet, Elnaz"]
[Black "Alwis, Jenuki"]
[Result "1-0"]
[WhiteElo "1426"]
[BlackElo "1051"]
[PlyCount "93"]
[EventDate "2020.12.11"]
[EventType "swiss (rapid)"]
[EventRounds "7"]
[EventCountry "ISS"]
[SourceTitle "EXT 2022"]
[Source "ChessBase"]
[SourceDate "2021.10.06"]
[SourceVersion "1"]
[SourceVersionDate "2021.10.06"]
[SourceQuality "1"]

1. d4 g6 2. c4 Bg7 3. Nc3 d6 4. e4 Nd7 5. Be2 e5 6. d5 Ngf6 7. Bg5 0-0 8. f3 Nc5 9. g4 h6 10. Be3 Ncd7 11. Qd2 Kh7 12. h4 Ng8 13. h5 g5 14. Nh3 f6 15. Nf2 a6 16. Rg1 b6 17. Nh1 Nc5 18. b4 Nb7 19. Rb1 Bd7 20. Ng3 Ne7 21. Nf5 Bxf5 22. exf5 a5 23. a3 axb4 24. axb4 Ra3 25. Qc1 Ra8 26. Qb2 Qd7 27. Kf2 Rfd8 28. Rgd1 Qe8 29. Nb5 Qd7 30. Nc3 Bf8 31. Ne4 Bg7 32. Ra1 Qe8 33. Rxa8 Rxa8 34. Ra1 Qb8 35. Ra3 Kg8 36. Qa1 Rxa3 37. Qxa3 Kf7 38. Qa4 Qe8 39. Qa7 Qc8 40. c5 Nxd5 41. Bc4 Ke7 42. Bxd5 c6 43. Be6 Qc7 44. cxd6+ Nxd6 45. Qxc7+ Ke8 46. Nxd6+ Kf8 47. Qf7# 1-0